All Asia Songs - Statistics

General Stats
  • This quiz has been taken 29 times
    20 since last reset
  • The average score is 100 of 202
Answer Stats
Hint Answer % Correct
Asia Heat of the Moment
100%
Astra Go
93%
Asia Only Time Will Tell
93%
Gravitas Valkyrie
93%
Armada 2 Bolero (Cutting it Fine)
86%
Asia Cutting It Fine
86%
Alpha Don't Cry
86%
Omega Emily
86%
Gravitas Gravitas - Lento/Gravitas
86%
Asia One Step Closer
86%
Aria Summer
86%
Then & Now Summer (Can't Last Too Long)
86%
Alpha The Smile Has Left Your Eyes
86%
Asia Time Again
86%
Astra Voice of America
86%
Aqua Who Will Stop the Rain?
86%
Asia Without You
86%
Astra After the War
79%
Aqua Aqua Part 1
79%
Aqua Aqua Part 2
79%
Arena Arena
79%
Aria Aria
79%
Then & Now Days Like These
79%
Omega Finger on the Trigger
79%
Astra Hard on Me
79%
Arena Heaven
79%
Asia Here Comes the Feeling
79%
Silent Nation Long Way From Home
79%
Silent Nation Midnight
79%
Arena Never
79%
Alpha Open Your Eyes
79%
XXX Reno (Silver and Gold)
79%
Astra Rock and Roll Dream
79%
Silent Nation Silent Nation
79%
Asia Sole Survivor
79%
Alpha The Heat Goes On
79%
Armada 2 Video Killed the Radio Star
79%
Asia Wildest Dreams
79%
Aqua A Far Cry
71%
Phoenix An Extraordinary Life
71%
Aura Aura
71%
Aqua Back in Town
71%
Aurora Daylight
71%
Alpha Eye to Eye
71%
XXX Face on the Bridge
71%
XXX Ghost of a Chance
71%
Archiva 1 Heart of Gold
71%
Archiva 1 | Omega I Believe
71%
Arena Into the Arena
71%
XXX Judas
71%
Aqua Little Rich Boy
71%
Aria Military Man
71%
Phoenix Never Again
71%
Phoenix Parallel Worlds / Vortex / Déyà
71%
Aria Sad Situation
71%
Phoenix Sleeping Giant / No Way Back / Reprise
71%
XXX Tomorrow the World
71%
Astra Too Late
71%
Arena Words
71%
Phoenix Alibis
64%
Then & Now Am I in Love?
64%
Archiva 2 Armenia
64%
Armada 1 Bad Asteroid
64%
XXX Bury Me in Willow
64%
Aura Come Make My Day
64%
Astra Countdown to Zero
64%
Aqua Crime of the Heart
64%
Aqua Don't Call Me
64%
Omega End of the World
64%
XXX Faithful
64%
Fantasia: Live in Tokyo Fanfare for the Common Man
64%
Aqua Heaven on Earth
64%
Gravitas Joe DiMaggio's Glove
64%
Live in Moscow Kari-Anne
64%
Omega Light the Way
64%
Omega Listen, Children
64%
Aqua Love Under Fire
64%
Aurora Lying to Yourself
64%
Alpha My Own Time (I'll Do What I Want)
64%
Alpha Never in a Million Years
64%
Phoenix Orchard of Mines
64%
Aurora Ride Easy
64%
Fantasia: Live in Tokyo Roundabout
64%
Astra Suspicion
64%
Alpha The Last To Know
64%
Rare The Sun
64%
Aqua The Voice of Reason
64%
Alpha True Colors
64%
XXX Al Gatto Nero
57%
Archiva 1 A.L.O.
57%
Aria Are You Big Enough?
57%
Arena Bella Nova
57%
Omega Drop a Stone
57%
Arena Falling
57%
Aria Feels Like Love
57%
Aura Free
57%
Omega Holy War
57%
XXX I Know How You Feel
57%
Aura Kings of the Day
57%
Aqua Lay Down Your Arms
57%
Alpha Midnight Sun
57%
XXX No Religion
57%
Then & Now Prayin' 4 a Miracle
57%
Archiva 1 Reality
57%
Gravitas Russian Dolls
57%
Rare The Moon
57%
Omega Through My Veins
57%
Astra Wishing
57%
Aria Anytime
50%
Silent Nation Blue Moon Monday
50%
Omega Ever Yours
50%
Phoenix Heroine
50%
Omega I'm Still The Same
50%
Fantasia: Live in Tokyo Intersection Blues
50%
Fantasia: Live in Tokyo In the Court of the Crimson King
50%
Archiva 1 Tears
50%
Anthology The Hunter
50%
Aura Under the Gun
50%
Archiva 1 Dusty Road
43%
Aura Ready to Go Home
43%
Arena The Day Before the War
43%
Arena Turn It Around
43%
Arena U Bring Me Down
43%
Aura Awake
36%
Silent Nation Darkness Day
36%
Aura Forgive Me
36%
Silent Nation Ghost in the Mirror
36%
Gravitas Heaven Help Me Now - Wings of Angels/Prelude/Heaven Help Me Now
36%
Archiva 2 Love Like the Video
36%
Astra Love Now till Eternity
36%
Gravitas Nyctophobia
36%
Archiva 2 Obsession
36%
Aria Remembrance Day
36%
Silent Nation The Prophet
36%
Archiva 1 Boys from Diamond City
29%
Aria Desire
29%
Anthology Different Worlds
29%
Archiva 1 Fight Against the Tide
29%
Silent Nation Gone Too Far
29%
Aura Hands of Time
29%
Gravitas I Would Die for You
29%
Aura On the Coldest Day in Hell
29%
Phoenix Over and Over
29%
Archiva 2 That Season
29%
Aura The Last Time
29%
Aura The Longest Night
29%
Gravitas Till We Meet Again
29%
Arena Two Sides of the Moon
29%
Silent Nation What About Love?
29%
Aura Wherever You Are
29%
Archiva 2 Don't Come To Me
21%
Aria Don't Cut the Wire (Brother)
21%
Silent Nation I Will Be There For You
21%
Phoenix I Will Remember You
21%
Archiva 2 Moon Under the Water
21%
Silent Nation Rise
21%
Aqua Someday
21%
Arena Tell Me Why
21%
Archiva 2 The Higher You Climb
21%
Rare The Sharks
21%
Archiva 2 The Smoke That Thunders
21%
Aura You're the Stranger
21%
Rare At the Graveyard
14%
Archiva 2 Can't Tell These Walls
14%
Rare Downstream
14%
Aria Enough's Enough
14%
Archiva 1 I Can't Wait a Lifetime
14%
Armada 1 Innocence
14%
Armada 2 Man in a White Car
14%
Armada 1 Never The Way
14%
Archiva 2 Satellite Blues
14%
Phoenix Shadow of a Doubt
14%
Archiva 2 Showdown
14%
Armada 2 Tempus Fugit
14%
Rare The Angels
14%
Rare The Bears
14%
Armada 2 The Bridge
14%
Gravitas The Closer I Get to You
14%
Rare The Exodus
14%
Rare The Game
14%
Rare The Ghosts
14%
Rare The Gods
14%
Rare The Horizons
14%
Rare The Indians
14%
Rare The Journey Begins
14%
Rare The Journey Continues
14%
Rare The Journey Ends
14%
Rare The Reservation
14%
Omega There Was a Time
14%
Rare The Whales
14%
Rare To the Deep
14%
Rare Under the Seas
14%
Archiva 1 We Fall Apart
14%
Archiva 1 Ginger
7%
Archiva 2 Right to Cry
7%
Archiva 1 The Mariner's Dream
7%
Rare The Waterfall
7%
Phoenix Wish I'd Known All Along
7%
Omega Don't Wanna Lose You Now
0%
Phoenix Nothing's Forever
0%
Rare The Seasons
0%
No matching quizzes found
Score Distribution
Percent of People with Each Score
Percentile by Number Answered
Your Score History
You have not taken this quiz since the last reset